Statistiken für Polnische Woiwodschaften

Klicken Sie hier um das Quiz zu spielen!

Allgemein

  • Dieses Quiz wurde 150 mal gespielt
  • Das Durchschnittsergebnis liegt bei 9 aus 16

Antwortstatistiken

EinwohnerzahlFläche (km²)Woiwodschaft% Korrekt
4.648.96112.334Schlesien
85%
2.215.10018.310Pommern
83%
3.282.37815.183Kleinpolen
71%
3.391.25629.827Grosspolen
67%
1.426.40124.173Ermland-Masuren
59%
2.876.83219.947Niederschlesien
59%
1.034.6569.412Oppeln
54%
1.692.35522.892Westpommern
52%
2.551.63318.219Łódź
48%
5.195.00035.558Masowien
48%
1.008.65613.988Lebus
47%
2.163.43725.122Lublin
45%
1.273.62511.710Heiligkreuz
40%
2.066.41817.972Kujawien-Pommern
38%
2.097.27617.845Karpatenvorland
36%
1.191.92520.187Podlachien
29%

Verteilung der Resultate

Perzentil nach korrekt beantworteten Fragen

Anzahl Personen mit jedem Resultat

Ihre Resultats-Entwicklung

Sie haben dieses Quiz noch nicht gespielt